| 000 | 00782nam a2200169 a 4500 | ||
|---|---|---|---|
| 001 | 000048300 | ||
| 005 | 20201002061045.0 | ||
| 008 | 181214s2012 dr a r 000 spa d | ||
| 040 |
_aDO-SdBNP _bspa _cBNPHU |
||
| 082 |
_axxx _bR426e |
||
| 110 | 1 |
_aRepública Dominicana. _bPresidencia de la República Dominicana _937585 |
|
| 245 | 0 | _aEstrategia nacional para fortalecer los recursos humanos y las habilidades para avanzar hacia un desarrollo verde, con bajas emisiones y resiliencia climática. | |
| 246 | 1 | _aConsejo Nacional para el Cambio Climático y el Mecanismo de Desarrollo Limpio | |
| 260 |
_aSanto Domingo : _bConsejo Nacional para el Cambio Climático y el Mecanismo de Desarrollo Limpio, _c2012. |
||
| 300 |
_a131 p. : _bil. ; _c23 cm. |
||
| 590 | _aInventariado, 2019 / DG | ||
| 999 |
_c47788 _d47788 |
||